|
|
|
|
| LEADER |
01050nab#a2200349#ar4500 |
| 001 |
000124626 |
| 003 |
SVKKK |
| 005 |
20181205121021.0 |
| 008 |
181205c1910 xo |||||||||||||||b|hun |
| FMT |
|
|
|
| 015 |
|
|
|a SNBRB2013/
|
| 038 |
|
|
|a SVKKK
|
| 040 |
|
|
|a SVKKK
|b slo
|e AACR2
|
| 041 |
0 |
|
|a hun
|
| 044 |
|
|
|a xo
|c SK
|
| 080 |
|
|
|a 82-32
|x (439.22)
|2 2011
|
| 100 |
1 |
|
|a -ő.
|4 aut
|
| 242 |
1 |
0 |
|a Rimavská Sobota v boji za slobodu
|y slo
|
| 245 |
1 |
0 |
|a Rimaszombat a szabadságharcban
|
| 520 |
2 |
|
|a Poviedka s historickým námetom z rokov 1848/1849. Obsahuje štyri časti: A kezdet. A toborzás. A vörös-sipkás. A Kossuth-vadász. Začiatok. Verbung. Červeno-čiapkar. Kossuthov strelec.
|
| 545 |
0 |
|
|a Csarnok
|
| 648 |
0 |
4 |
|a 1910
|
| 650 |
0 |
4 |
|a poézia
|y 1910
|
| 650 |
|
4 |
|a literatúra maďarská
|
| 700 |
1 |
|
|4 aut
|
| 773 |
0 |
|
|t Gömöri Ujság - Szépirodalmi, társadalmi és közgazdasági hetilp
|g Roč. I, č. 1 (3. 4. 1910), s. 7-8.
|
| 958 |
|
|
|a HU
|
| 974 |
|
|
|a ebl
|
| 992 |
|
|
|a RBX
|
| BAS |
|
|
|
| 852 |
|
|
|a SVKKK
|b BIB
|
| 998 |
|
|
|a RETRO
|